000 00772nam a2200253Ia 4500
003 OSt
005 20221002044014.0
006 a|||||r|||| 00| 0
007 ta
008 220930b |||||||| |||| 00| 0 eng d
020 _a817305312X
_c1250
024 _a86458
037 _b11635, 29/03/2007, Govinda Book House
_cReference Collections
040 _aCRL
_cCRL
_beng
041 _2eng
_aeng
082 _aND44,1:(L), P6(RR)
100 _aRao Rekha
_9568930
245 0 _aTherapeutics in Indian sculptures
260 _aNew Delhi
_bAryan Books International
_c2006
300 _a120p.
_ccm.
650 _aARTS
942 _hND44,1:(L), P6(RR)
_cref
_2CC
999 _c909381
_d909381